Guía práctica de primeros auxilios /
Guardado en:
| Autor Corporativo: | |
|---|---|
| Formato: | Libro |
| Idioma: | Spanish |
| Publicado: |
Bahía Blanca :
Planta Piloto de Ingeniería Química (Plapiqui),
2000.
|
| Materias: | |
| Etiquetas: |
Agregar Etiqueta
Sin Etiquetas, Sea el primero en etiquetar este registro!
|
| LEADER | 00642nam a22001815a 4500 | ||
|---|---|---|---|
| 001 | EIQ.libpla001725 | ||
| 008 | 061212s2000####ag#a##########000#0#spa#d | ||
| 005 | 20070323144336.0 | ||
| 245 | 1 | 0 | |a Guía práctica de primeros auxilios / |c Arrieta & Madies. |
| 260 | |a Bahía Blanca : |b Planta Piloto de Ingeniería Química (Plapiqui), |c 2000. | ||
| 300 | |a [36] h. : |b il. ; |c 28 cm. | ||
| 650 | 4 | |a Primeros auxilios |x Guía | |
| 650 | 4 | |a Primeros auxilios |x Práctica. | |
| 650 | 4 | |a First aid |x Applications. | |
| 650 | 4 | |a First aid |x Guide. | |
| 040 | |a AR-BbSID |b spa |c AR-BbSID | ||
| 110 | 2 | |a Arrieta & Madies. | |
| 859 | |a AR-BbSID |b BIB. PLAPIQUI |h 614.88 |i Ar 88 |k R |p 5307 | ||
